<?xml version="1.0" encoding="UTF-8"?>
<record
    xmlns:xsi="http://www.w3.org/2001/XMLSchema-instance"
    xsi:schemaLocation="http://www.loc.gov/MARC21/slim http://www.loc.gov/standards/marcxml/schema/MARC21slim.xsd"
    xmlns="http://www.loc.gov/MARC21/slim">

  <leader>01012nam a2200229 a 4500</leader>
  <controlfield tag="001">80425</controlfield>
  <controlfield tag="003">BD-RjUL</controlfield>
  <controlfield tag="005">20220925144008.0</controlfield>
  <controlfield tag="008">220925b2015    bg ||||| |||| 00| 0 ben d</controlfield>
  <datafield tag="035" ind1=" " ind2=" ">
    <subfield code="a">(BD-RjUL)80425</subfield>
  </datafield>
  <datafield tag="040" ind1=" " ind2=" ">
    <subfield code="a">BD-RjUL</subfield>
    <subfield code="b">eng</subfield>
    <subfield code="c">BD-RjUL</subfield>
  </datafield>
  <datafield tag="041" ind1=" " ind2=" ">
    <subfield code="a">ben</subfield>
  </datafield>
  <datafield tag="082" ind1=" " ind2=" ">
    <subfield code="2">23</subfield>
    <subfield code="a">294.5</subfield>
    <subfield code="b">TAG 2015</subfield>
  </datafield>
  <datafield tag="100" ind1=" " ind2=" ">
    <subfield code="a">&#x9A0;&#x9BE;&#x995;&#x9C1;&#x9B0;, &#x9B6;&#x9CD;&#x9B0;&#x9C0;&#x995;&#x9BE;&#x9A8;&#x9CD;&#x9A4; </subfield>
    <subfield code="9">4978</subfield>
  </datafield>
  <datafield tag="245" ind1=" " ind2=" ">
    <subfield code="a">&#x9B6;&#x9CD;&#x9B0;&#x9C0; &#x9B6;&#x9CD;&#x9B0;&#x9C0; &#x997;&#x9CB;&#x9AA;&#x9BE;&#x9B2;&#x99A;&#x9BE;&#x981;&#x9A6; &#x99A;&#x9B0;&#x9BF;&#x9A4;&#x9CD;&#x9B0; &#x9B8;&#x9C1;&#x9A7;&#x9BE; /</subfield>
    <subfield code="c">&#x9B0;&#x99A;&#x9AF;&#x9BC;&#x9BF;&#x9A4;&#x9BE; &#x9B6;&#x9CD;&#x9B0;&#x9C0;&#x995;&#x9BE;&#x9A8;&#x9CD;&#x9A4; &#x9A0;&#x9BE;&#x995;&#x9C1;&#x9B0;; &#x9B8;&#x9AE;&#x9CD;&#x9AA;&#x9BE;&#x9A6;&#x9A8;&#x9BE;&#x9AF;&#x9BC; &#x9B8;&#x9C1;&#x9A7;&#x9BE;&#x982;&#x9B6;&#x9C1; &#x9B6;&#x9C7;&#x996;&#x9B0; &#x9AE;&#x9BE;&#x9B2;&#x9BE;&#x995;&#x9BE;&#x9B0;</subfield>
  </datafield>
  <datafield tag="260" ind1=" " ind2=" ">
    <subfield code="a">&#x996;&#x9C1;&#x9B2;&#x9A8;&#x9BE; :</subfield>
    <subfield code="b">&#x9B8;&#x9C1;&#x9A7;&#x9BE;&#x982;&#x9B6;&#x9C1; &#x9B6;&#x9C7;&#x996;&#x9B0; &#x9AE;&#x9BE;&#x9B2;&#x9BE;&#x995;&#x9BE;&#x9B0;,</subfield>
    <subfield code="c">&#x9E8;&#x9E6;&#x9E7;&#x9EB;</subfield>
  </datafield>
  <datafield tag="300" ind1=" " ind2=" ">
    <subfield code="a">&#x9EB;&#x9EB;&#x9E6; &#x9AA;&#x9C3;.:</subfield>
    <subfield code="b">&#x99A;&#x9BF;&#x9A4;&#x9CD;&#x9B0;&#x9B8;&#x9AE;&#x9C2;&#x9B9;;</subfield>
    <subfield code="c">&#x9E8;&#x9EB; &#x9B8;&#x9C7;&#x9AE;&#x9BF;.</subfield>
  </datafield>
  <datafield tag="650" ind1=" " ind2=" ">
    <subfield code="a">Hinduism</subfield>
    <subfield code="9">3241</subfield>
  </datafield>
  <datafield tag="650" ind1=" " ind2=" ">
    <subfield code="a">&#x9B9;&#x9BF;&#x9A8;&#x9CD;&#x9A6;&#x9C1; &#x9A7;&#x9B0;&#x9CD;&#x9AE;</subfield>
    <subfield code="9">4979</subfield>
  </datafield>
  <datafield tag="700" ind1=" " ind2=" ">
    <subfield code="a">&#x9AE;&#x9BE;&#x9B2;&#x9BE;&#x995;&#x9BE;&#x9B0;, &#x9B8;&#x9C1;&#x9A7;&#x9BE;&#x982;&#x9B6;&#x9C1; &#x9B6;&#x9C7;&#x996;&#x9B0; </subfield>
    <subfield code="9">4980</subfield>
  </datafield>
  <datafield tag="942" ind1=" " ind2=" ">
    <subfield code="2">ddc</subfield>
    <subfield code="c">BK</subfield>
  </datafield>
  <datafield tag="999" ind1=" " ind2=" ">
    <subfield code="c">80425</subfield>
    <subfield code="d">80425</subfield>
  </datafield>
  <datafield tag="952" ind1=" " ind2=" ">
    <subfield code="0">0</subfield>
    <subfield code="1">0</subfield>
    <subfield code="2">ddc</subfield>
    <subfield code="4">0</subfield>
    <subfield code="7">1</subfield>
    <subfield code="8">NFIC</subfield>
    <subfield code="a">RUCL</subfield>
    <subfield code="b">RUCL</subfield>
    <subfield code="c">Reading</subfield>
    <subfield code="d">2022-08-14</subfield>
    <subfield code="e">Author</subfield>
    <subfield code="g">270.00</subfield>
    <subfield code="l">0</subfield>
    <subfield code="o">B 294.5 TAG 2015</subfield>
    <subfield code="r">2022-09-25 00:00:00</subfield>
    <subfield code="t">C-1</subfield>
    <subfield code="w">2022-09-25</subfield>
    <subfield code="y">BK</subfield>
  </datafield>
</record>
